| 000 | 00762nam a2200217Ia 4500 | ||
|---|---|---|---|
| 003 | GCL | ||
| 005 | 20240530101824.0 | ||
| 008 | 140319s9999 xx 000 0 ara d | ||
| 040 |
_aGCL / _cGCL |
||
| 082 | 0 | 4 |
_a215 _bز ا |
| 100 | 1 | _aالزركشى : بدرالدين محمد بن عبد | |
| 245 | 1 | 0 |
_aاعلام الساجد باحكام المساجد / _cالزركشى : بدرالدين محمد بن عبد |
| 260 |
_a[S.N] : _bالمجلس الاعلى للشئون الاسلامية ، _c1989 |
||
| 300 | _a450 ص | ||
| 650 | 0 | 4 | _aالاسلام |
| 650 | 0 | 4 | _aالاماكن المقدسة |
| 650 | 0 | 4 | _aالاثار الاسلامية |
| 650 | 0 | 4 | _aالمساجد |
| 700 | 1 | _aابوالوفا مصطفى المراغى | |
| 942 |
_2ddc _cBK |
||
| 999 |
_c27954 _d27954 |
||